[Event "Mazowiec-chT 1718"]
[Site "Warsaw"]
[Date "2018.02.04"]
[Round "5.18"]
[White "Prazmowski, Bartosz"]
[Black "Sadowski, Miroslaw"]
[Result "1-0"]
[WhiteElo "2005"]
[BlackElo "2030"]
[PlyCount "65"]
[EventDate "2017.12.03"]
[EventType "team-tourn"]
[EventRounds "10"]
[EventCountry "POL"]
[SourceTitle "EXT 2020"]
[Source "ChessBase"]
[SourceDate "2019.10.17"]
[SourceVersion "1"]
[SourceVersionDate "2019.10.17"]
[SourceQuality "1"]

1. d4 d6 2. c4 g6 3. Nc3 Bg7 4. e4 Nc6 5. Be3 e5 6. d5 Nce7 7. g4 Nf6 8. Be2 h5 9. g5 Nd7 10. h4 f5 11. gxf6 Nxf6 12. Qd2 0-0 13. f3 c6 14. dxc6 bxc6 15. 0-0-0 d5 16. cxd5 cxd5 17. exd5 Nf5 18. Kb1 Ng3 19. Rh2 Bf5+ 20. Ka1 e4 21. Bh6 Nxe2 22. Rxe2 exf3 23. Nxf3 Bxh6 24. Qxh6 Ng4 25. Qg5 Rf7 26. d6 Rd7 27. Qf4 Qf8 28. Qc4+ Kh8 29. Ng5 Rad8 30. Rde1 Qg8 31. Qd4+ Rg7 32. Re7 Rf8 33. d7 1-0

[Event "Lazy Baltic Pearl op 09th"]
[Site "Lazy"]
[Date "2013.07.02"]
[Round "3"]
[White "Prazmowski, Bartosz"]
[Black "Janik, Igor"]
[Result "0-1"]
[WhiteElo "2025"]
[BlackElo "1930"]
[PlyCount "140"]
[EventDate "2013.06.30"]
[EventType "swiss"]
[EventRounds "9"]
[EventCountry "POL"]
[SourceTitle "CBM 155 Extra"]
[Source "ChessBase"]
[SourceDate "2013.08.26"]
[SourceVersion "1"]
[SourceVersionDate "2013.08.26"]
[SourceQuality "1"]

1. d4 Nf6 2. Nf3 g6 3. c4 Bg7 4. Nc3 0-0 5. e4 d6 6. Be2 e5 7. Be3 exd4 8. Nxd4 Re8 9. f3 c6 10. 0-0 d5 11. cxd5 Nxd5 12. Bf2 Nxc3 13. bxc3 Nd7 14. Qc2 Qc7 15. Rfd1 a6 16. Rab1 c5 17. Nb3 b6 18. Nd2 Be5 19. g3 Bb7 20. Nc4 Bc6 21. f4 Bxf4 22. gxf4 Bxe4 23. Qd2 Bxb1 24. Rxb1 Rad8 25. Bf1 b5 26. Qd6 Qc8 27. Na5 Re6 28. Qd5 Qc7 29. Nb7 Rde8 30. Bh3 Nf6 31. Qf3 Ne4 32. Bxe6 Rxe6 33. Nxc5 Nxc5 34. Qa8+ Kg7 35. Bd4+ f6 36. Qd5 Rc6 37. Re1 Nd3 38. Re6 Rxe6 39. Qxe6 Qf7 40. Qxa6 Nxf4 41. Qxb5 Qxa2 42. Qb7+ Qf7 43. Qa6 Qe7 44. Kf1 g5 45. Qa7 Qxa7 46. Bxa7 Kf7 47. Kf2 Ke6 48. Kf3 h5 49. c4 Ng6 50. c5 Ne5+ 51. Ke2 Kd5 52. Ke3 f5 53. h3 f4+ 54. Ke2 Nc6 55. Bb6 Nd4+ 56. Kf2 Ke4 57. Bd8 Kf5 58. Ba5 Nc6 59. Bc3 Ke4 60. Bd2 Ne5 61. Kf1 Kf3 62. Bc3 Nc6 63. Be1 g4 64. hxg4 hxg4 65. Bc3 g3 66. Bf6 Kg4 67. Bc3 f3 68. Bd2 Kh3 69. Bf4 Nd4 70. Be5 g2+ 0-1

[Event "Polanica Zdroj op-D 48th"]
[Site "Polanica Zdroj"]
[Date "2012.08.25"]
[Round "8"]
[White "Dus, Leszek"]
[Black "Prazmowski, Bartosz"]
[Result "1/2-1/2"]
[WhiteElo "1741"]
[BlackElo "1964"]
[PlyCount "42"]
[EventDate "2012.08.18"]
[EventType "swiss"]
[EventRounds "9"]
[EventCountry "POL"]
[SourceTitle "EXT 2014"]
[Source "ChessBase"]
[SourceDate "2013.11.20"]
[SourceVersion "1"]
[SourceVersionDate "2013.11.20"]
[SourceQuality "1"]

1. Nf3 g6 2. d4 Nf6 3. Bg5 Bg7 4. e3 d6 5. Bc4 0-0 6. h3 Nbd7 7. c3 c5 8. 0-0 a6 9. a4 Qc7 10. Nbd2 b6 11. Re1 Bb7 12. Rc1 Rfe8 13. b4 d5 14. Bf4 Qc8 15. Be2 c4 16. Ne5 b5 17. a5 Nxe5 18. Bxe5 Bh6 19. Rc2 Nd7 20. Bh2 Qc6 21. f4 f5 1/2-1/2

[Event "Polanica Zdroj op-D 48th"]
[Site "Polanica Zdroj"]
[Date "2012.08.22"]
[Round "5"]
[White "Prazmowski, Bartosz"]
[Black "Wisniewski, Michal"]
[Result "1/2-1/2"]
[WhiteElo "1964"]
[BlackElo "1863"]
[PlyCount "67"]
[EventDate "2012.08.18"]
[EventType "swiss"]
[EventRounds "9"]
[EventCountry "POL"]
[SourceTitle "EXT 2014"]
[Source "ChessBase"]
[SourceDate "2013.11.20"]
[SourceVersion "1"]
[SourceVersionDate "2013.11.20"]
[SourceQuality "1"]

1. d4 d5 2. c4 e6 3. Nc3 c5 4. Nf3 Nc6 5. cxd5 exd5 6. g3 Nf6 7. Bg2 Be7 8. 0-0 0-0 9. Bg5 c4 10. Ne5 Be6 11. f4 Qb6 12. Nxc6 bxc6 13. Qd2 Bf5 14. h3 h5 15. e3 Rab8 16. Rf2 Rfe8 17. Kh2 Bd3 18. Bf3 g6 19. g4 hxg4 20. hxg4 Qc7 21. Kg2 Qd7 22. Bxf6 Bxf6 23. Rh1 Qe6 24. g5 Bg7 25. Nd1 Be4 26. Bxe4 Qxe4+ 27. Kg1 c5 28. dxc5 d4 29. Rh3 Qf5 30. Rff3 dxe3 31. Rxe3 Red8 32. Qe2 Qb1 33. Kg2 Qf5 34. Ref3 1/2-1/2

[Event "Polanica Zdroj op-D 48th"]
[Site "Polanica Zdroj"]
[Date "2012.08.18"]
[Round "1"]
[White "Prazmowski, Bartosz"]
[Black "Szydlowski, Oskar"]
[Result "1-0"]
[WhiteElo "1964"]
[BlackElo "1531"]
[PlyCount "61"]
[EventDate "2012.08.18"]
[EventType "swiss"]
[EventRounds "9"]
[EventCountry "POL"]
[SourceTitle "EXT 2014"]
[Source "ChessBase"]
[SourceDate "2013.11.20"]
[SourceVersion "1"]
[SourceVersionDate "2013.11.20"]
[SourceQuality "1"]

1. d4 Nf6 2. Nf3 g6 3. c4 Bg7 4. Nc3 d6 5. e4 0-0 6. Be2 Re8 7. 0-0 Nc6 8. Rb1 e5 9. d5 Ne7 10. b4 a6 11. Qc2 Bd7 12. Nd2 Rc8 13. c5 dxc5 14. bxc5 Bg4 15. f3 Bd7 16. Rxb7 a5 17. Nc4 Ra8 18. Rd1 c6 19. Bg5 h6 20. Bxf6 Bxf6 21. dxc6 Qc8 22. cxd7 Qxb7 23. dxe8Q+ Rxe8 24. Nd6 Qa8 25. Nxe8 Qxe8 26. Nd5 Nxd5 27. exd5 Bd8 28. c6 Bb6+ 29. Kh1 Kf8 30. d6 Qc8 31. c7 1-0

[Event "POL-chT U19 2nd League"]
[Site "Borowice"]
[Date "2012.07.27"]
[Round "9"]
[White "Madrawski, Krzysztof"]
[Black "Prazmowski, Bartosz"]
[Result "0-1"]
[WhiteElo "1599"]
[BlackElo "1950"]
[PlyCount "72"]
[EventDate "2012.07.21"]
[EventType "team-swiss"]
[EventRounds "11"]
[EventCountry "POL"]
[SourceTitle "EXT 2014"]
[Source "ChessBase"]
[SourceDate "2013.11.20"]
[SourceVersion "1"]
[SourceVersionDate "2013.11.20"]
[SourceQuality "1"]
[WhiteTeam "Zary ZKSz U19"]
[BlackTeam "Warszawa UKS Czternastka U19"]
[WhiteTeamCountry "POL"]
[BlackTeamCountry "POL"]

1. e4 d5 2. exd5 Qxd5 3. Nf3 Nf6 4. Nc3 Qa5 5. Bc4 Bf5 6. d3 c6 7. Bd2 Qc7 8. Qe2 Nbd7 9. 0-0 e6 10. a3 Bd6 11. h3 0-0 12. Nh4 Ne5 13. Ba2 Ng6 14. Nxg6 Bxg6 15. Ne4 Nxe4 16. dxe4 Be5 17. c3 Bf6 18. f4 h6 19. f5 exf5 20. exf5 Bh7 21. Rae1 Bh4 22. Rd1 Kh8 23. Qh5 Bf6 24. Be3 c5 25. Rd5 b6 26. Bf4 Qe7 27. Rfd1 Qe4 28. Bd6 Rfe8 29. Bb1 Qe3+ 30. Kh1 Qf2 31. R5d2 Re1+ 32. Kh2 Qg1+ 33. Kg3 Rae8 34. Bf4 R8e3+ 35. Bxe3 Qxe3+ 36. Kg4 Rxd1 0-1

[Event "POL-chT U19 2nd League"]
[Site "Borowice"]
[Date "2012.07.25"]
[Round "6"]
[White "Gajek, Radoslaw"]
[Black "Prazmowski, Bartosz"]
[Result "1-0"]
[WhiteElo "2210"]
[BlackElo "1950"]
[PlyCount "59"]
[EventDate "2012.07.21"]
[EventType "team-swiss"]
[EventRounds "11"]
[EventCountry "POL"]
[SourceTitle "EXT 2014"]
[Source "ChessBase"]
[SourceDate "2013.11.20"]
[SourceVersion "1"]
[SourceVersionDate "2013.11.20"]
[SourceQuality "1"]
[WhiteTeam "Grudziadz Rotmistrz U19"]
[BlackTeam "Warszawa UKS Czternastka U19"]
[WhiteTeamCountry "POL"]
[BlackTeamCountry "POL"]

1. e4 c6 2. d4 d5 3. Nd2 dxe4 4. Nxe4 Nd7 5. Ng5 Ngf6 6. Bd3 e6 7. N1f3 Bd6 8. Qe2 h6 9. Ne4 Nxe4 10. Qxe4 Nf6 11. Qe2 Bd7 12. Ne5 Bxe5 13. dxe5 Nd5 14. Bd2 c5 15. 0-0-0 Qc7 16. f4 0-0-0 17. a3 Bc6 18. Rhf1 g6 19. g4 Ne7 20. Be3 b6 21. Bf2 Bg2 22. Rg1 Bb7 23. Bh4 Rd4 24. Bf6 Re8 25. c3 c4 26. Bc2 Rxf4 27. Ba4 Bc6 28. Bxc6 Qxc6 29. Bxe7 Rxe7 30. Qd2 1-0

[Event "POL-chT U19 2nd League"]
[Site "Borowice"]
[Date "2012.07.23"]
[Round "4"]
[White "Prazmowski, Bartosz"]
[Black "Musialkiewicz, Pawel"]
[Result "1/2-1/2"]
[WhiteElo "1950"]
[BlackElo "2090"]
[PlyCount "80"]
[EventDate "2012.07.21"]
[EventType "team-swiss"]
[EventRounds "11"]
[EventCountry "POL"]
[SourceTitle "EXT 2014"]
[Source "ChessBase"]
[SourceDate "2013.11.20"]
[SourceVersion "1"]
[SourceVersionDate "2013.11.20"]
[SourceQuality "1"]
[WhiteTeam "Warszawa UKS Czternastka U19"]
[BlackTeam "Poznan UMKS Na Pieterku U19"]
[WhiteTeamCountry "POL"]
[BlackTeamCountry "POL"]

1. d4 d5 2. c4 c6 3. cxd5 cxd5 4. Nc3 Nf6 5. Nf3 Nc6 6. Bf4 Bf5 7. e3 e6 8. a3 Bd6 9. Bg3 0-0 10. Bd3 Bxd3 11. Qxd3 Qe7 12. Bxd6 Qxd6 13. b4 Rfc8 14. 0-0 h6 15. Rfc1 Qd8 16. Rc2 Nd7 17. Na4 b6 18. Rac1 Ne7 19. b5 Rxc2 20. Rxc2 Rc8 21. Rxc8 Qxc8 22. Qc3 Qxc3 23. Nxc3 Nc8 24. Nd2 Kf8 25. Kf1 Ke7 26. Ke2 Kd6 27. f4 Nf6 28. h3 Nd7 29. g4 f6 30. Kd3 Ne7 31. Ne2 g6 32. Ng3 f5 33. gxf5 gxf5 34. Nf3 Nf6 35. Ne5 Kc7 36. Kc2 Kd6 37. Nf7+ Kd7 38. Ne5+ Kd6 39. Nf7+ Kd7 40. Ne5+ Kd6 1/2-1/2

[Event "Warsaw MG-ch 2nd"]
[Site "Warsaw"]
[Date "2012.04.02"]
[Round "11"]
[White "Powalka, Michal"]
[Black "Prazmowski, Bartosz"]
[Result "0-1"]
[WhiteElo "1718"]
[BlackElo "1885"]
[PlyCount "114"]
[EventDate "2012.01.02"]
[EventType "swiss"]
[EventRounds "11"]
[EventCountry "POL"]
[SourceTitle "EXT 2014"]
[Source "ChessBase"]
[SourceDate "2013.11.20"]
[SourceVersion "1"]
[SourceVersionDate "2013.11.20"]
[SourceQuality "1"]

1. e4 c6 2. d4 d5 3. Nc3 dxe4 4. Nxe4 Bf5 5. Ng3 Bg6 6. h4 h6 7. Nf3 Nf6 8. Ne5 Bh7 9. Bc4 e6 10. Qe2 Nd5 11. Qf3 Qc7 12. Ne4 Bxe4 13. Qxe4 Nd7 14. Bd2 N7f6 15. Qe2 Bd6 16. 0-0-0 b5 17. Bd3 Bxe5 18. dxe5 Nd7 19. f4 Nc5 20. Kb1 Nxd3 21. Qxd3 0-0-0 22. Qe4 Rd7 23. h5 Rhd8 24. Rh3 Qb6 25. Kc1 Nxf4 26. Rc3 Nd5 27. Rg3 Nf6 28. Qf3 Ne4 29. Qxe4 Rxd2 30. Rf1 R8d4 31. Qe1 Qc5 32. Rc3 Qd5 33. b3 Rd1+ 34. Qxd1 Rxd1+ 35. Rxd1 Qxg2 36. Rd6 Kc7 37. Rcd3 Qh1+ 38. Kb2 Qxh5 39. Rd7+ Kb6 40. b4 Qxe5+ 41. Kb3 Qf4 42. Re7 Qc4+ 43. Ka3 a5 44. bxa5+ Kxa5 45. Ra7+ Kb6 46. Rxf7 Qxc2 47. Rdf3 Kc5 48. R7f4 g5 49. Rb4 h5 50. Rfb3 Kb6 51. Rb2 Qc5 52. R2b3 g4 53. Kb2 g3 54. a4 g2 55. axb5 g1Q 56. bxc6+ Kxc6 57. Rc3 Qa1+ 0-1

[Event "Warsaw MG-ch 2nd"]
[Site "Warsaw"]
[Date "2012.03.26"]
[Round "10"]
[White "Prazmowski, Bartosz"]
[Black "Ceglowski, Ryszard"]
[Result "1-0"]
[WhiteElo "1885"]
[BlackElo "1870"]
[PlyCount "37"]
[EventDate "2012.01.02"]
[EventType "swiss"]
[EventRounds "11"]
[EventCountry "POL"]
[SourceTitle "EXT 2014"]
[Source "ChessBase"]
[SourceDate "2013.11.20"]
[SourceVersion "1"]
[SourceVersionDate "2013.11.20"]
[SourceQuality "1"]

1. f4 d5 2. Nf3 Nf6 3. e3 c5 4. b3 g6 5. Bb2 Bg7 6. Be2 0-0 7. 0-0 Nc6 8. Ne5 Nxe5 9. fxe5 Nd7 10. d4 b6 11. Bf3 e6 12. c4 Ba6 13. Re1 Qg5 14. cxd5 exd5 15. Bxd5 Rad8 16. Nc3 Nxe5 17. dxe5 Bxe5 18. Ne4 Rxd5 19. Qxd5 1-0

[Event "Warsaw MG-ch 2nd"]
[Site "Warsaw"]
[Date "2012.02.13"]
[Round "5"]
[White "Grzelak, Artur"]
[Black "Prazmowski, Bartosz"]
[Result "0-1"]
[WhiteElo "2226"]
[BlackElo "1885"]
[PlyCount "120"]
[EventDate "2012.01.02"]
[EventType "swiss"]
[EventRounds "11"]
[EventCountry "POL"]
[SourceTitle "EXT 2014"]
[Source "ChessBase"]
[SourceDate "2013.11.20"]
[SourceVersion "1"]
[SourceVersionDate "2013.11.20"]
[SourceQuality "1"]

1. Nf3 d5 2. d4 Nf6 3. c4 c6 4. Nc3 dxc4 5. a4 Bf5 6. e3 e6 7. Bxc4 Nbd7 8. 0-0 Qc7 9. h3 Bg6 10. Re1 Bb4 11. Bd2 0-0 12. Nh4 Rad8 13. Nxg6 hxg6 14. Rc1 Qa5 15. Qc2 c5 16. Red1 Nb6 17. Bb3 cxd4 18. exd4 Rxd4 19. Be3 Rxd1+ 20. Qxd1 Bxc3 21. Rxc3 Nbd5 22. Rc5 Qd8 23. Bg5 Qd6 24. Rb5 Qc6 25. Qc2 Qxc2 26. Bxc2 b6 27. Kf1 Nd7 28. Be3 Rc8 29. Bd1 Rc4 30. Ke2 a6 31. Rb3 Rxa4 32. Rd3 Ra2 33. Bc1 Nc5 34. Rd4 f5 35. Kd2 Ne4+ 36. Kc2 Ra5 37. b4 Rb5 38. Ba3 a5 39. Be2 Nxb4+ 40. Bxb4 Rxb4 41. Rd8+ Kf7 42. f3 Nc5 43. Rc8 Ra4 44. g3 Kf6 45. f4 Ra2+ 46. Kd1 Ra3 47. Rc6 Rxg3 48. Rxb6 Rxh3 49. Rc6 Rc3 50. Rc8 Ne4 51. Rf8+ Ke7 52. Ra8 Ra3 53. Bc4 Nd6 54. Be2 Ra4 55. Ra7+ Kf6 56. Ra6 Ne4 57. Kc2 Ra2+ 58. Kd1 Nc3+ 59. Kc1 Nxe2+ 60. Kb1 Ra4 0-1

[Event "Polanica Zdroj op-D 47th"]
[Site "Polanica Zdroj"]
[Date "2011.08.26"]
[Round "7"]
[White "Prazmowski, Bartosz"]
[Black "Parol, Pola"]
[Result "1-0"]
[WhiteElo "1909"]
[BlackElo "1558"]
[PlyCount "121"]
[EventDate "2011.08.20"]
[EventType "swiss"]
[EventRounds "9"]
[EventCountry "POL"]
[SourceTitle "EXT 2014"]
[Source "ChessBase"]
[SourceDate "2013.11.20"]
[SourceVersion "1"]
[SourceVersionDate "2013.11.20"]
[SourceQuality "1"]

1. f4 d5 2. Nf3 c6 3. b3 Nf6 4. Bb2 Bg4 5. Ne5 h6 6. h3 Bf5 7. d3 e6 8. g4 Bh7 9. e3 Be7 10. Nf3 Rg8 11. Nbd2 Qb6 12. Qe2 c5 13. Ne5 Nc6 14. Nxc6 bxc6 15. 0-0-0 Qa5 16. a4 Nd7 17. e4 Rb8 18. f5 d4 19. Nc4 Qb4 20. Qe1 Qxe1 21. Rxe1 e5 22. Kb1 Bh4 23. Re2 Ke7 24. Ka2 f6 25. Nd2 Rgf8 26. Nf3 Bg5 27. Nxg5 hxg5 28. h4 gxh4 29. Rxh4 Bg8 30. Bc1 Nb6 31. Ka3 Rb7 32. g5 Kd6 33. Rg2 Rfb8 34. gxf6 gxf6 35. Rh6 Nd7 36. Rh8 Bf7 37. Rh7 Nf8 38. Rhg7 Be8 39. Be2 Rxg7 40. Rxg7 Nd7 41. Bd2 a6 42. Rh7 Rc8 43. Bh6 Rc7 44. Rh8 Ke7 45. Rh7+ Kd8 46. Kb2 Nb6 47. Rh8 Ke7 48. Bf8+ Kd7 49. Bxc5 Nc8 50. Bh5 Bxh5 51. Rxh5 Ne7 52. Rh7 Ke8 53. Rh8+ Kf7 54. Ra8 Rb7 55. Rxa6 Rc7 56. Bd6 Rc8 57. Ra7 Re8 58. a5 Kf8 59. a6 Kf7 60. Rxe7+ Rxe7 61. Bxe7 1-0

[Event "Polanica Zdroj op-D 47th"]
[Site "Polanica Zdroj"]
[Date "2011.08.24"]
[Round "5"]
[White "Chmielecka, Aleksandra"]
[Black "Prazmowski, Bartosz"]
[Result "0-1"]
[WhiteElo "1569"]
[BlackElo "1909"]
[PlyCount "74"]
[EventDate "2011.08.20"]
[EventType "swiss"]
[EventRounds "9"]
[EventCountry "POL"]
[SourceTitle "EXT 2014"]
[Source "ChessBase"]
[SourceDate "2013.11.20"]
[SourceVersion "1"]
[SourceVersionDate "2013.11.20"]
[SourceQuality "1"]

1. Nf3 Nc6 2. c4 e5 3. Nc3 Nf6 4. d3 Bb4 5. Bd2 d6 6. g3 0-0 7. Bg2 Bg4 8. 0-0 Qd7 9. Re1 Rae8 10. a3 Bxc3 11. Bxc3 Nh5 12. Qd2 f5 13. h3 Bxf3 14. Bxf3 Nf6 15. Kh2 Kh8 16. b4 e4 17. b5 Ne5 18. Bxe5 dxe5 19. Bg2 Rd8 20. Qc3 Qd4 21. Qxd4 Rxd4 22. Rac1 a6 23. a4 Re8 24. Red1 Red8 25. Re1 g5 26. a5 c6 27. Rb1 f4 28. bxc6 bxc6 29. Rb6 exd3 30. exd3 Rxd3 31. Rxc6 fxg3+ 32. fxg3 Nh5 33. Bd5 Rf8 34. Rxe5 Rd2+ 35. Kg1 Nxg3 36. Re1 Ne2+ 37. Kh1 Rf2 0-1

[Event "Polanica Zdroj op-D 47th"]
[Site "Polanica Zdroj"]
[Date "2011.08.20"]
[Round "1"]
[White "Zielinski, Marcin"]
[Black "Prazmowski, Bartosz"]
[Result "1-0"]
[WhiteElo "1573"]
[BlackElo "1909"]
[PlyCount "61"]
[EventDate "2011.08.20"]
[EventType "swiss"]
[EventRounds "9"]
[EventCountry "POL"]
[SourceTitle "EXT 2014"]
[Source "ChessBase"]
[SourceDate "2013.11.20"]
[SourceVersion "1"]
[SourceVersionDate "2013.11.20"]
[SourceQuality "1"]

1. e4 d5 2. exd5 Qxd5 3. Nc3 Qa5 4. d4 Nf6 5. Nf3 c6 6. Bc4 Bf5 7. Bd2 e6 8. Nd5 Qd8 9. Nxf6+ Qxf6 10. 0-0 Bd6 11. c3 Nd7 12. Bg5 Qg6 13. Qd2 Nf6 14. Rfe1 Ne4 15. Rxe4 Bxe4 16. Nh4 Qh5 17. Be2 h6 18. Bxh5 hxg5 19. Qxg5 g6 20. Bf3 Be7 21. Qe5 Rxh4 22. Bxe4 0-0-0 23. g3 Rh7 24. Qa5 Kb8 25. Bg2 Rdh8 26. h3 Bf6 27. b4 Rd8 28. b5 Rh5 29. Rb1 Rd7 30. a4 a6 31. g4 1-0

[Event "Warsaw Najdorf Memorial op-B"]
[Site "Warsaw"]
[Date "2011.07.16"]
[Round "4"]
[White "Smal, Tobiasz"]
[Black "Prazmowski, Bartosz"]
[Result "1-0"]
[WhiteElo "1711"]
[BlackElo "1919"]
[PlyCount "101"]
[EventDate "2011.07.14"]
[EventType "swiss"]
[EventRounds "9"]
[EventCountry "POL"]
[SourceTitle "EXT 2012"]
[Source "ChessBase"]
[SourceDate "2011.11.24"]
[SourceVersion "1"]
[SourceVersionDate "2011.11.24"]
[SourceQuality "1"]

1. Nf3 c6 2. g3 d5 3. Bg2 Bf5 4. 0-0 Nd7 5. d4 e6 6. Bf4 Ngf6 7. Nbd2 Be7 8. c4 0-0 9. Re1 Ne4 10. Nxe4 Bxe4 11. Nd2 Bxg2 12. Kxg2 Bb4 13. Rc1 Qf6 14. a3 Bxd2 15. Qxd2 dxc4 16. Rxc4 Nb6 17. Rc2 Rfd8 18. Rd1 Qf5 19. Qd3 Qh5 20. Qf3 Qg6 21. Qd3 Qf6 22. Bc7 Rd7 23. Bxb6 axb6 24. Qf3 Qd8 25. e3 Ra5 26. Rdc1 h6 27. Rc3 Qg5 28. Qf4 Qe7 29. Qe4 f5 30. Qc2 Qd6 31. b4 Ra8 32. Qb3 b5 33. Rc5 Rf7 34. h4 Kh7 35. h5 Rf6 36. Qc3 g6 37. hxg6+ Rxg6 38. Re5 Kg8 39. Qb3 Kf7 40. Rxf5+ Ke7 41. Rh5 Rag8 42. Rh3 e5 43. Rxh6 R8g7 44. Rxg6 Qxg6 45. Qc2 e4 46. Rh1 Qg4 47. Qc5+ Kd7 48. Qh5 Qe6 49. Qh3 Rg4 50. Qh7+ Kd8 51. Rh6 1-0

[Event "Warsaw-ch opB 64th"]
[Site "Warsaw"]
[Date "2011.05.12"]
[Round "6"]
[White "Prazmowski, Bartosz"]
[Black "Herman, Monika"]
[Result "1-0"]
[WhiteElo "1891"]
[BlackElo "1694"]
[PlyCount "73"]
[EventDate "2011.05.07"]
[EventType "swiss"]
[EventRounds "9"]
[EventCountry "POL"]
[SourceTitle "EXT 2012"]
[Source "ChessBase"]
[SourceDate "2011.11.24"]
[SourceVersion "1"]
[SourceVersionDate "2011.11.24"]
[SourceQuality "1"]

1. d4 Nf6 2. c4 e6 3. Nf3 Bb4+ 4. Bd2 Bxd2+ 5. Nbxd2 0-0 6. e4 d5 7. e5 Nfd7 8. c5 b6 9. b4 a5 10. Qc2 axb4 11. c6 Nxe5 12. dxe5 f6 13. Bd3 h6 14. Bh7+ Kh8 15. Bd3 fxe5 16. Nxe5 Qf6 17. Ng6+ Kg8 18. 0-0 Rf7 19. Rae1 Ra3 20. Nb1 Ra5 21. Ne5 Rc5 22. Qb3 Re7 23. Ng6 Rf7 24. Re3 Nxc6 25. Qa4 Bb7 26. Nd2 Ra5 27. Qc2 Nd4 28. Qb1 c5 29. Ne5 Re7 30. Bh7+ Kf8 31. Nb3 Nf5 32. Nxa5 bxa5 33. Ng6+ Ke8 34. Nxe7 Nxe3 35. fxe3 Qxe7 36. Qg6+ Kd8 37. Rf7 1-0

[Event "Warsaw-ch opB 64th"]
[Site "Warsaw"]
[Date "2011.05.11"]
[Round "5"]
[White "Kovalchuk, Vasyl"]
[Black "Prazmowski, Bartosz"]
[Result "1/2-1/2"]
[WhiteElo "1726"]
[BlackElo "1891"]
[PlyCount "173"]
[EventDate "2011.05.07"]
[EventType "swiss"]
[EventRounds "9"]
[EventCountry "POL"]
[SourceTitle "EXT 2012"]
[Source "ChessBase"]
[SourceDate "2011.11.24"]
[SourceVersion "1"]
[SourceVersionDate "2011.11.24"]
[SourceQuality "1"]

1. d4 c6 2. Nf3 d5 3. e3 Bg4 4. Nbd2 e6 5. h3 Bh5 6. Be2 Nf6 7. 0-0 Nbd7 8. a3 c5 9. dxc5 Bxc5 10. b4 Be7 11. Bb2 0-0 12. c4 dxc4 13. Nxc4 Nd5 14. Rc1 Bf6 15. Bxf6 Qxf6 16. Nd4 Bxe2 17. Qxe2 a6 18. Rfd1 Rac8 19. Qf3 Rc7 20. Qxf6 N7xf6 21. Na5 Nc3 22. Rd3 Nfd5 23. Kf1 Rfc8 24. Nxb7 Rxb7 25. e4 Rbc7 26. exd5 Nxd5 27. Rxc7 Rxc7 28. Nb3 Rc4 29. g3 h5 30. h4 Kh7 31. Na5 Rc1+ 32. Ke2 Kg6 33. Kd2 Rf1 34. Ke2 Rc1 35. Kd2 Ra1 36. Nc4 Ra2+ 37. Ke1 Rc2 38. Ne3 Nxe3 39. Rxe3 Ra2 40. Kf1 Kf6 41. Kg2 Ke7 42. Rc3 g6 43. Kf3 Kf6 44. Ke3 Ke7 45. f4 Kf6 46. Kd4 Kf5 47. Kc5 Rd2 48. Kb6 Rd6+ 49. Kc7 Rd4 50. Rc6 Kg4 51. Rxa6 Kxg3 52. b5 Kxh4 53. b6 Rc4+ 54. Kd7 Rd4+ 55. Ke7 Rd1 56. b7 Rb1 57. Ra7 e5 58. fxe5 g5 59. Kxf7 g4 60. e6 g3 61. e7 g2 62. e8Q Rf1+ 63. Ke6 Re1+ 64. Kd7 Rxe8 65. Ra4+ Kh3 66. Kxe8 g1Q 67. Rb4 Qg8+ 68. Kd7 Qb8 69. a4 Kg3 70. a5 h4 71. a6 h3 72. Rb3+ Kg4 73. Rb4+ Kg5 74. Rb5+ Kg6 75. Rb2 Kf5 76. Rb5+ Kf4 77. Rb4+ Ke5 78. Rb5+ Kf4 79. Rb4+ Kg5 80. Rb5+ Kg6 81. Rb2 Kg7 82. Rc2 Kf6 83. Rb2 Qa7 84. Kc6 h2 85. Rxh2 Qxa6+ 86. Kc7 Qa5+ 87. Kc8 1/2-1/2

[Event "POL-ch U16"]
[Site "Murzasichle"]
[Date "2011.03.07"]
[Round "3"]
[White "Matysiak, Samuel"]
[Black "Prazmowski, Bartosz"]
[Result "0-1"]
[WhiteElo "1873"]
[BlackElo "1880"]
[PlyCount "138"]
[EventDate "2011.03.05"]
[EventType "swiss"]
[EventRounds "9"]
[EventCountry "POL"]
[SourceTitle "EXT 2012"]
[Source "ChessBase"]
[SourceDate "2011.11.24"]
[SourceVersion "1"]
[SourceVersionDate "2011.11.24"]
[SourceQuality "1"]

1. e4 c6 2. c4 d5 3. exd5 Nf6 4. dxc6 Nxc6 5. Nc3 e5 6. d3 Bf5 7. Nf3 e4 8. dxe4 Qxd1+ 9. Nxd1 Nxe4 10. Ne3 Bb4+ 11. Bd2 Nxd2 12. Nxd2 0-0-0 13. 0-0-0 Bg6 14. Be2 Nd4 15. Bg4+ f5 16. Bf3 Rhe8 17. Nd5 Bc5 18. Rhf1 Nxf3 19. Nxf3 Re4 20. b3 Rg4 21. g3 Ba3+ 22. Kc2 Re8 23. Nf4 Rxf4 24. gxf4 Bh5 25. Rde1 Rd8 26. Ng5 Bb4 27. Re3 Rd2+ 28. Kc1 Rxa2 29. Kb1 Rd2 30. Nf3 Rd8 31. Ne5 Bc5 32. Rg3 g6 33. Kc2 Rd4 34. Re1 Bb4 35. Ree3 Rd2+ 36. Kb1 Rxf2 37. Rd3 Rxf4 38. Rd5 Be2 39. Rg2 Bf3 40. Nxf3 Rxf3 41. Kc2 Rc3+ 42. Kb2 Re3 43. Kc2 Re7 44. Kd3 b6 45. h4 f4 46. Rg4 Re3+ 47. Kc2 Rc3+ 48. Kb2 Rf3 49. h5 Rf2+ 50. Kc1 gxh5 51. Rxh5 Bd2+ 52. Kd1 Kb7 53. Rxh7+ Ka6 54. Kc2 Be3+ 55. Kd3 Bc5 56. b4 Rf3+ 57. Kc2 Bxb4 58. Rgg7 Rc3+ 59. Kb2 Rxc4 60. Kb3 Kb5 61. Rxa7 Bc5 62. Rh5 Re4 63. Rf7 Re3+ 64. Kc2 f3 65. Kd2 Ra3 66. Rf4 f2 67. Ke2 Ra2+ 68. Kd3 Ka5 69. Kc4 Ra4+ 0-1

[Event "POL-chT3 Mazowiecki"]
[Site "Warsaw"]
[Date "2011.01.23"]
[Round "3.16"]
[White "Musiatowicz, Przemyslaw"]
[Black "Prazmowski, Bartosz"]
[Result "0-1"]
[WhiteElo "1866"]
[BlackElo "1880"]
[PlyCount "89"]
[EventDate "2011.01.09"]
[EventType "team-tourn"]
[EventRounds "10"]
[EventCountry "POL"]
[SourceTitle "EXT 2015"]
[Source "ChessBase"]
[SourceDate "2014.11.20"]
[SourceVersion "1"]
[SourceVersionDate "2014.11.20"]
[SourceQuality "1"]
[WhiteTeam "Siedlce KSz Skoczek"]
[BlackTeam "Warszawa Hetman"]
[WhiteTeamCountry "POL"]
[BlackTeamCountry "POL"]

1. e4 c6 2. d4 d5 3. Nd2 dxe4 4. Nxe4 Bf5 5. Ng3 Bg6 6. Nf3 Nd7 7. Bd3 Ngf6 8. 0-0 e6 9. Re1 Bd6 10. c4 Bxd3 11. Qxd3 0-0 12. Bg5 h6 13. Bd2 Re8 14. Rad1 Qc7 15. Bc3 Rad8 16. Qc2 Bxg3 17. hxg3 b5 18. b3 a5 19. Re2 b4 20. Bb2 Nb6 21. Ne5 Nfd7 22. f4 Nxe5 23. Rxe5 Nd7 24. Re2 Nb6 25. a4 Re7 26. Qe4 Nc8 27. Kf2 Nd6 28. Qf3 f5 29. Re5 Ne4+ 30. Ke3 Nf6 31. Rc5 Rd6 32. d5 exd5+ 33. Be5 Ng4+ 34. Kd4 Nxe5 35. fxe5 Rdd7 36. Re1 Qa7 37. e6 Rd8 38. Qe3 dxc4+ 39. Ke5 Rd3 40. Qf2 Rd5+ 41. Rxd5 Qxf2 42. Rd8+ Kh7 43. Kd6 Qxe1 44. Kxe7 c3 45. Kf7 0-1

[Event "POL Region-ch U15"]
[Site "Lochow"]
[Date "2010.10.28"]
[Round "8.5"]
[White "Prazmowski, Bartosz"]
[Black "Eggink, Mateusz"]
[Result "1/2-1/2"]
[WhiteElo "1870"]
[BlackElo "1861"]
[PlyCount "34"]
[EventDate "2010.10.23"]
[EventType "tourn"]
[EventRounds "9"]
[EventCountry "POL"]
[SourceTitle "EXT 2023"]
[Source "ChessBase"]
[SourceDate "2022.10.05"]
[SourceVersion "1"]
[SourceVersionDate "2022.10.05"]
[SourceQuality "1"]

1. d4 Nf6 2. c4 g6 3. Nc3 Bg7 4. e4 d6 5. Nf3 0-0 6. Be2 e5 7. Be3 Nc6 8. 0-0 Ng4 9. Bg5 f6 10. Bc1 exd4 11. Nxd4 Nxd4 12. Qxd4 Kh8 13. f3 f5 14. Qd1 Ne5 15. Be3 Be6 16. Qb3 b6 17. Rad1 Qe7 1/2-1/2